Na okraji : o potěšení z četby a psaní /
Soubor čtyř přednášek-esejů, v nichž se spisovatelka píšící pod pseudonymem Elena Ferrante zamýšlí nad podstatou své literární tvorby.
Uloženo v:
| Hlavní autor: | |
|---|---|
| Další autoři: | |
| Médium: | E-kniha |
| Jazyk: | Czech |
| Vydáno: |
Praha :
Prostor,
2022
|
| Vydání: | V českém jazyce vydání první |
| Témata: | |
| Tagy: |
Žádné tagy |
| LEADER | 02801cam a2200565 i 4500 | ||
|---|---|---|---|
| 001 | 297587 | ||
| 003 | CZ PrSKC | ||
| 005 | 20260416063139.0 | ||
| 007 | ta | ||
| 008 | 220811s2022 xr h e 000 edcze d | ||
| 015 | |a cnb003445519 | ||
| 020 | |a 9788072605262 |q (brožováno) : |c Kč 297,00 | ||
| 035 | |a (OCoLC)1402155407 | ||
| 040 | |a CBA001 |b cze |d OLA001 |e rda | ||
| 041 | 1 | |a cze |h ita | |
| 072 | 7 | |a 82 |x Literatura. Literární život |2 Konspekt | |
| 080 | |a 82 |2 MRF | ||
| 080 | |a 808.1 |2 MRF | ||
| 080 | |a 82.091 |2 MRF | ||
| 080 | |a (0:82-4) |2 MRF | ||
| 080 | |a (042.3) |2 MRF | ||
| 100 | 1 | |a Ferrante, Elena, |d 1943- |7 pag2008454838 |4 aut | |
| 240 | 1 | 0 | |a Margini e il dettato. |l Česky |
| 245 | 1 | 0 | |a Na okraji : |b o potěšení z četby a psaní / |c Elena Ferrante ; z italského originálu I margini e il dettato ... přeložila Sarah Baroni |
| 250 | |a V českém jazyce vydání první | ||
| 264 | 1 | |a Praha : |b Prostor, |c 2022 | |
| 300 | |a 134 stran : |b faksimile ; |c 20 cm | ||
| 336 | |a text |b txt |2 rdacontent | ||
| 337 | |a bez média |b n |2 rdamedia | ||
| 338 | |a svazek |b nc |2 rdacarrier | ||
| 504 | |a Obsahuje bibliografii | ||
| 520 | 2 | |a Soubor čtyř přednášek-esejů, v nichž se spisovatelka píšící pod pseudonymem Elena Ferrante zamýšlí nad podstatou své literární tvorby. |b Autorka se v textech, které prokládá množstvím autobiografických pasáží, zabývá vztahem řádu a chaosu v literární tvorbě, svým sklonem k realismu, mužským a ženským psaním, vztahem k literární tradici či způsobem, jakým básník Dante ovlivnil její vlastní literární tvorbu. Zároveň se v esejích představuje nejen jako spisovatelka zkoumající záludnosti tvůrčího psaní, ale i jako vášnivá čtenářka. | |
| 650 | 0 | 7 | |a literatura |7 ph117222 |2 czenas |
| 650 | 0 | 7 | |a literární tvorba |7 ph117227 |2 czenas |
| 650 | 0 | 7 | |a tvůrčí psaní |7 ph126817 |2 czenas |
| 650 | 0 | 7 | |a literární inspirace |7 ph381209 |2 czenas |
| 650 | 0 | 9 | |a literature |2 eczenas |
| 650 | 0 | 9 | |a literary creation |2 eczenas |
| 650 | 0 | 9 | |a creative writing |2 eczenas |
| 650 | 0 | 9 | |a literary inspiration |2 eczenas |
| 655 | 7 | |a eseje |7 fd132213 |2 czenas | |
| 655 | 7 | |a přednášky |7 fd133199 |2 czenas | |
| 655 | 9 | |a essays |2 eczenas | |
| 655 | 9 | |a lectures |2 eczenas | |
| 700 | 1 | |a Baroni, Sarah |7 ola20191024478 |4 trl | |
| 900 | |a ABA001 |b 20 | ||
| 044 | |a xr | ||
| 910 | |a RBIT002 | ||
| 998 | |d 371198 |a https://core.palmknihy.cz/api/books/371198/cover?rrnol1 |b https://core.palmknihy.cz/api/books/371198/cover/400?rrnol1 |c https://core.palmknihy.cz/api/books/371198/cover/50?rrnol1 |e 2028-02-21 |g 136 |i 9788072605262 |j https://core.palmknihy.cz/api/books/371198/preview.epub |k https://core.palmknihy.cz/api/books/371198/preview.pdf |l |q 49 |r 1 |s https://www.palmknihy.cz/kniha/371198 |t ebook |y 2023 |z 0 | ||
| 999 | |d 297585 | ||